Datum a čas kvízu
19
Celkem bodů
Celkový počet nahraných bodů na tomto kvízu bez doplňovacích otázek.
10.
Pořadí na kvízu
Konečné umístění týmu na tomto kvízu.
Zaznamenané odpovědi
| # | Otázka | Odpověď | Body | Výsledky |
|---|---|---|---|---|
| 1. | Ve středu přijali poslanci nov... | přiosvojení | 0 | |
| 2. | Jistá země od noci na pátek na... | Kazachstán | 0 | |
| 3. | Minulý týden jsme se dozvěděli... | kameraman | 0 | |
| 4. | Minulý týden byl ohlášen defin... | vývojem elektromobilu (automobilu) | 0 | |
| 5. | Který zahraniční fotbalista do... | Cristiano Ronaldo | 0 | |
| 6. | Napište český i latinský název... | kost stehenní, femur (os femoris) | 0.5 | |
| 7. | Ve kterém českém městě najdeme... | v Brně | 0 | |
| 8. | Hlavní postava seriálu Sběrate... | Booth | 0 | |
| 9. | Která párová kost u psů a koní... | klíční kost (clavicula) | 0 | |
| 10. | V září roku 2012 byla pod park... | Richard III. | 0 |